[Event "Saratov Regional-ch"]
[Site "Saratov"]
[Date "2014.12.14"]
[Round "9"]
[White "Stepanov, Nikolay"]
[Black "Tyapkin, Petr"]
[Result "0-1"]
[WhiteElo "1602"]
[BlackElo "1750"]
[PlyCount "44"]
[EventDate "2014.12.06"]
[EventType "swiss"]
[EventRounds "9"]
[EventCountry "RUS"]
[SourceTitle "CBM 164 Extra"]
[Source "ChessBase"]
[SourceDate "2015.03.02"]
[SourceVersion "1"]
[SourceVersionDate "2015.03.02"]
[SourceQuality "1"]

1. d4 Nf6 2. Nf3 g6 3. Bf4 Bg7 4. e3 0-0 5. Bd3 d6 6. 0-0 Nbd7 7. h3 Qe8 8. e4 c5 9. c3 b6 10. e5 Nh5 11. Bh2 dxe5 12. dxe5 f5 13. Qb3+ Kh8 14. e6 Ndf6 15. Ne5 Bb7 16. g4 fxg4 17. hxg4 Nxg4 18. Nxg4 Qc6 19. f3 Rxf3 20. Be2 Rf4 21. Bf3 Rxg4+ 22. Kh1 Qxf3+ 0-1

[Event "Saratov Shestoperov Memorial"]
[Site "Saratov"]
[Date "2014.06.24"]
[Round "9"]
[White "Stepanov, Nikolay"]
[Black "Guliev, Gasan"]
[Result "0-1"]
[WhiteElo "1602"]
[BlackElo "1926"]
[PlyCount "56"]
[EventDate "2014.06.16"]
[EventType "swiss"]
[EventRounds "9"]
[EventCountry "RUS"]
[SourceTitle "CBM 161 Extra"]
[Source "ChessBase"]
[SourceDate "2014.08.29"]
[SourceVersion "1"]
[SourceVersionDate "2014.08.29"]
[SourceQuality "1"]

1. e4 c5 2. Nf3 g6 3. d4 cxd4 4. Nxd4 Bg7 5. Be3 Nc6 6. Nc3 d6 7. Qd2 Nf6 8. f3 0-0 9. Bc4 Bd7 10. 0-0-0 Rc8 11. Bb3 Ne5 12. g4 b5 13. h4 a5 14. a3 b4 15. axb4 axb4 16. Nd5 Nxd5 17. exd5 Qa5 18. Kb1 Ra8 19. c3 Rfc8 20. Rc1 bxc3 21. bxc3 Nxf3 22. Nxf3 Qa1+ 23. Kc2 Rxc3+ 24. Kd1 Rxc1+ 25. Qxc1 Qf6 26. Nd4 Bxg4+ 27. Kd2 Bh6 28. Qc3 Qf2+ 0-1

[Event "Saratov Shestoperov Memorial"]
[Site "Saratov"]
[Date "2014.06.21"]
[Round "6"]
[White "Bolychevsky, Alexander"]
[Black "Stepanov, Nikolay"]
[Result "1/2-1/2"]
[WhiteElo "1871"]
[BlackElo "1602"]
[PlyCount "79"]
[EventDate "2014.06.16"]
[EventType "swiss"]
[EventRounds "9"]
[EventCountry "RUS"]
[SourceTitle "CBM 161 Extra"]
[Source "ChessBase"]
[SourceDate "2014.08.29"]
[SourceVersion "1"]
[SourceVersionDate "2014.08.29"]
[SourceQuality "1"]

1. e4 c5 2. Nf3 Nc6 3. d4 cxd4 4. Nxd4 e5 5. Nb5 d6 6. c4 a6 7. N5c3 Nf6 8. Bg5 Be7 9. Bxf6 Bxf6 10. Nd5 0-0 11. Nbc3 Bg5 12. Bd3 Nd4 13. h4 Bh6 14. g4 g6 15. h5 Qg5 16. Ne3 f5 17. hxg6 hxg6 18. gxf5 gxf5 19. Kd2 fxe4 20. Nxe4 Rxf2+ 21. Nxf2 Qxe3+ 22. Kc3 b5 23. Qe1 b4+ 24. Kxb4 Rb8+ 25. Kc3 Ne2+ 26. Kc2 Nd4+ 27. Kb1 Qd2 28. Qxd2 Bxd2 29. Ne4 Bf5 30. Nf6+ Kf7 31. Bxf5 Kxf6 32. Bd3 Kg5 33. Rh2 Nf3 34. Rf2 Kf4 35. Be2 Ke3 36. Rxf3+ Kxe2 37. Rh3 Rc8 38. b3 d5 39. Kc2 Bf4 40. Rah1 1/2-1/2

[Event "Saratov Shestoperov Memorial"]
[Site "Saratov"]
[Date "2014.06.16"]
[Round "1"]
[White "Upolovnev, Vladimir"]
[Black "Stepanov, Nikolay"]
[Result "1-0"]
[WhiteElo "1890"]
[BlackElo "1602"]
[PlyCount "77"]
[EventDate "2014.06.16"]
[EventType "swiss"]
[EventRounds "9"]
[EventCountry "RUS"]
[SourceTitle "CBM 161 Extra"]
[Source "ChessBase"]
[SourceDate "2014.08.29"]
[SourceVersion "1"]
[SourceVersionDate "2014.08.29"]
[SourceQuality "1"]

1. g3 Nf6 2. Bg2 e6 3. e4 d5 4. e5 Nfd7 5. d4 c5 6. c3 Nc6 7. Ne2 Be7 8. 0-0 0-0 9. Nd2 f6 10. Nf4 Nb6 11. exf6 Rxf6 12. Nf3 cxd4 13. cxd4 Bd7 14. Nd3 Rc8 15. Bg5 Rf8 16. Bxe7 Qxe7 17. Nde5 Nxe5 18. Nxe5 Nc4 19. Nxd7 Qxd7 20. Qe2 Nd6 21. Rac1 Nf5 22. Qe5 Rc6 23. Rxc6 Qxc6 24. Re1 Kf7 25. Bh3 g6 26. Bxf5 gxf5 27. Qe2 Re8 28. Qh5+ Kg7 29. Qg5+ Kf7 30. Qh6 Kg8 31. Rc1 Qd7 32. Qg5+ Kf7 33. Qh5+ Kg7 34. Kg2 Rc8 35. Re1 Rc4 36. Qg5+ Kf7 37. Qh6 Kg8 38. Rxe6 Rxd4 39. Qg5+ 1-0

[Event "Saratov-ch"]
[Site "Saratov"]
[Date "2014.02.25"]
[Round "2"]
[White "Stepanov, Nikolay"]
[Black "Tatarinov, Andrey"]
[Result "0-1"]
[WhiteElo "1572"]
[BlackElo "1786"]
[PlyCount "66"]
[EventDate "2014.02.24"]
[EventType "swiss"]
[EventRounds "9"]
[EventCountry "RUS"]
[SourceTitle "CBM 159 Extra"]
[Source "ChessBase"]
[SourceDate "2014.04.24"]
[SourceVersion "1"]
[SourceVersionDate "2014.04.24"]
[SourceQuality "1"]

1. c4 g6 2. Nc3 Bg7 3. d4 d6 4. e4 c5 5. Be3 cxd4 6. Bxd4 Nf6 7. Nf3 0-0 8. Be2 Nc6 9. Be3 Bg4 10. 0-0 Qd7 11. Qd2 Rfd8 12. Rfd1 Bxf3 13. Bxf3 Ne5 14. Be2 Rac8 15. Bxa7 Nxc4 16. Bxc4 Rxc4 17. Bb6 Rdc8 18. f3 Qc6 19. Be3 b5 20. Rac1 Qa6 21. b3 R4c6 22. Ne2 Rxc1 23. Rxc1 Rxc1+ 24. Qxc1 Qxa2 25. Qc8+ Bf8 26. Bh6 Nd7 27. Nc3 Qc2 28. Bxf8 Nxf8 29. Nd5 Qxb3 30. Nxe7+ Kg7 31. Qg4 Qd1+ 32. Kf2 Qd4+ 33. Kg3 Qe5+ 0-1

[Event "Privolzhskogo FO-ch"]
[Site "Togliatti"]
[Date "2007.03.30"]
[Round "9"]
[White "Gataullin, Artur"]
[Black "Stepanov, Nikolay"]
[Result "1-0"]
[WhiteElo "2074"]
[BlackElo "2039"]
[PlyCount "49"]
[EventDate "2007.03.22"]
[EventType "swiss"]
[EventRounds "9"]
[EventCountry "RUS"]
[SourceTitle "EXT 2010"]
[Source "ChessBase"]
[SourceDate "2010.11.25"]
[SourceVersion "1"]
[SourceVersionDate "2010.11.25"]
[SourceQuality "1"]

1. e4 c5 2. c3 Nf6 3. e5 Nd5 4. d4 cxd4 5. cxd4 e6 6. Nf3 d6 7. Bc4 Nb6 8. Bb3 dxe5 9. Nxe5 Nc6 10. Nxc6 bxc6 11. 0-0 Be7 12. a4 0-0 13. Nc3 Bf6 14. Be3 Ba6 15. Re1 Bc4 16. Ne4 Bd5 17. Bc2 Nc4 18. b3 Nxe3 19. fxe3 Bxe4 20. Bxe4 Qd6 21. Qc2 g6 22. Qxc6 Qxc6 23. Bxc6 Rab8 24. Bb5 a5 25. Rac1 1-0

[Event "Privolzhskogo FO-ch"]
[Site "Togliatti"]
[Date "2007.03.27"]
[Round "6"]
[White "Ananchenko, Igor"]
[Black "Stepanov, Nikolay"]
[Result "1-0"]
[WhiteElo "2227"]
[BlackElo "2039"]
[PlyCount "43"]
[EventDate "2007.03.22"]
[EventType "swiss"]
[EventRounds "9"]
[EventCountry "RUS"]
[SourceTitle "EXT 2010"]
[Source "ChessBase"]
[SourceDate "2010.11.25"]
[SourceVersion "1"]
[SourceVersionDate "2010.11.25"]
[SourceQuality "1"]

1. c4 e5 2. Nc3 d6 3. g3 f5 4. Bg2 Nf6 5. d3 g6 6. e4 Bg7 7. Nge2 0-0 8. 0-0 c6 9. h3 Be6 10. exf5 gxf5 11. f4 e4 12. dxe4 Nxe4 13. Nxe4 fxe4 14. Bxe4 Bxh3 15. Rf2 Bg4 16. Qd3 h5 17. Bd2 Na6 18. Bc3 Nc5 19. Bh7+ Kh8 20. Bxg7+ Kxg7 21. Qg6+ Kh8 22. Qh6 1-0

[Event "Privolzhskogo FO-ch"]
[Site "Togliatti"]
[Date "2007.03.24"]
[Round "3"]
[White "Stepanov, Nikolay"]
[Black "Hamidullin, Aydar"]
[Result "0-1"]
[WhiteElo "2039"]
[BlackElo "2195"]
[PlyCount "72"]
[EventDate "2007.03.22"]
[EventType "swiss"]
[EventRounds "9"]
[EventCountry "RUS"]
[SourceTitle "EXT 2010"]
[Source "ChessBase"]
[SourceDate "2010.11.25"]
[SourceVersion "1"]
[SourceVersionDate "2010.11.25"]
[SourceQuality "1"]

1. d4 d5 2. Nc3 Nf6 3. Bg5 e6 4. e4 Bb4 5. e5 h6 6. Bd2 Bxc3 7. bxc3 Ne4 8. Bd3 Nxd2 9. Qxd2 c5 10. Nf3 Nc6 11. 0-0 Qa5 12. Rfd1 c4 13. Be2 a6 14. a4 Bd7 15. Rdb1 Rb8 16. g3 0-0 17. Qe1 f6 18. exf6 Rxf6 19. Ne5 Nxe5 20. dxe5 Rff8 21. Rb4 Qc5 22. Rab1 Bc6 23. Bg4 Rbe8 24. Qe3 Qxe3 25. fxe3 Re7 26. Rb6 Kh7 27. Rf1 Rxf1+ 28. Kxf1 a5 29. e4 Kg6 30. exd5 exd5 31. e6 Bxa4 32. Rd6 Bc6 33. Bf3 Kf6 34. Bg4 Re8 35. e7+ Kxe7 36. Rg6 Kf8 0-1

[Event "Privolzhskogo FO-ch"]
[Site "Togliatti"]
[Date "2007.03.23"]
[Round "2"]
[White "Sudarikov, Sergey"]
[Black "Stepanov, Nikolay"]
[Result "1-0"]
[WhiteElo "2232"]
[BlackElo "2039"]
[PlyCount "39"]
[EventDate "2007.03.22"]
[EventType "swiss"]
[EventRounds "9"]
[EventCountry "RUS"]
[SourceTitle "EXT 2010"]
[Source "ChessBase"]
[SourceDate "2010.11.25"]
[SourceVersion "1"]
[SourceVersionDate "2010.11.25"]
[SourceQuality "1"]

1. Nf3 d5 2. c4 e6 3. g3 Nf6 4. Bg2 Be7 5. 0-0 0-0 6. d4 Ne4 7. Nc3 f5 8. Qb3 c6 9. Ne5 Nd7 10. Nd3 Bf6 11. Nf4 dxc4 12. Qxc4 Nb6 13. Qb3 Qe7 14. Nxe4 fxe4 15. Bxe4 Bxd4 16. Qd3 Qf6 17. Bxh7+ Kf7 18. Nh5 Qe5 19. Qg6+ Ke7 20. Bf4 1-0